000 00547nam a2200217Ia 4500
005 20241129115602.0
008 241129s9999||||xx |||||||||||||| ||und||
020 _a9789393317049
037 _aTB
040 _aSDCL
_beng
_cSDCL
041 _ahin
_2hin
084 _aDelta: 3 R2
_qSDCL
100 _aKumar Vivek
245 0 _aDharm evam yog mimansa
260 _aNew Delhi
_bHind Prakashan
_c2022
300 _a224p.
365 _aINR
_b1000
650 _aSanskrit
942 _cTB
_hDelta: 3 R2
999 _c1231100
_d1231100